书目信息 |
| 题名: |
德国工业旅游与工业遗产保护
|
|
| 作者: | 吴予敏 , 陶一桃 主编 ;刘会远 , 李蕾蕾 著 | |
| 分册: | ||
| 出版信息: | 北京 商务印书馆 2007 |
|
| 页数: | 304页 | |
| 开本: | 20cm | |
| 丛书名: | ||
| 单 册: | ||
| 中图分类: | TU27 | |
| 科图分类: | ||
| 主题词: | 工业建筑--建筑设计 | |
| 电子资源: | ||
| ISBN: | 7-100-05734-5 | |
| 000 | 00786nam0 2200229 450 | |
| 001 | 2255577138 | |
| 005 | 20221010152852.57 | |
| 010 | @a7-100-05734-5@dCNY58.00 | |
| 100 | @a20221010d2007 km y0chiy0120 ea | |
| 101 | 0 | @achi |
| 102 | @aCN@b110000 | |
| 200 | 1 | @a德国工业旅游与工业遗产保护@ADe Guo Gong Ye Lu You Yu Gong Ye Yi Chan Bao Hu@f吴予敏,陶一桃主编;刘会远,李蕾蕾著@FWu Yu Min,Tao Yi Tao Zhu Bian;Liu Hui Yuan,Li Lei Lei Zhu |
| 210 | @a北京@c商务印书馆@d2007 | |
| 215 | @a304页@d20cm | |
| 606 | 0 | @a工业建筑@x建筑设计 |
| 690 | @aTU27@v4 | |
| 701 | 0 | @a吴予敏@AWu Yu Min@4主编 |
| 701 | 0 | @a陶一桃@ATao Yi Tao@4主编 |
| 702 | 0 | @a刘会远@ALiu Hui Yuan@4著 |
| 702 | 0 | @a李蕾蕾@ALi Lei Lei@4著 |
| 801 | 0 | @aCN@b大连网信软件有限公司图书馆·11@c20221010 |
| 905 | @aZUCC@dTU27@eZY32 | |
| 德国工业旅游与工业遗产保护/吴予敏,陶一桃主编;刘会远,李蕾蕾著.-北京:商务印书馆,2007 |
| 304页;20cm |
| ISBN 7-100-05734-5:CNY58.00 |
| ● |
| 相关链接 |
|
|
|
|
正题名:德国工业旅游与工业遗产保护
索取号:TU27/ZY32
 
预约/预借
| 序号 | 登录号 | 条形码 | 馆藏地/架位号 | 状态 | 备注 |
| 1 | 7905166 | 279051669 | 密集书库-资源管理系/ [索取号:TU27/ZY32] | 在馆 |